|
|
|
|
| LEADER |
00000nam2a2200000 4500 |
| 001 |
675424 |
| 005 |
20241014132518.0 |
| 035 |
|
|
|a (RuTPU)RU\TPU\book\268919
|
| 090 |
|
|
|a 675424
|
| 100 |
|
|
|a 20241011d1964 k||y0rusy50 ca
|
| 101 |
0 |
|
|a rus
|
| 102 |
|
|
|a RU
|
| 105 |
|
|
|a a z 001zy
|
| 181 |
|
0 |
|a i
|b e
|
| 182 |
|
0 |
|a n
|
| 183 |
|
0 |
|a nc
|2 RDAcarrier
|
| 200 |
0 |
|
|a Вып. 2(10)
|f гл. ред. И. М. Коренман
|
| 210 |
|
|
|d 1964
|
| 215 |
|
|
|a С. 183-360
|c ил.
|
| 283 |
|
|
|a volume
|
| 320 |
|
|
|a Библиогр. в конце ст.
|
| 461 |
|
1 |
|0 (RuTPU)RU\TPU\book\173187
|t Труды по химии и химической технологии
|o [сборник научных трудов]
|f Горьковский государственный университет им. Н. И. Лобачевского (ГГУ), Научно-исследовательский институт химии
|v Вып. 2(10)
|d 1958-
|
| 606 |
1 |
|
|a Химия
|2 stltpush
|3 (RuTPU)RU\TPU\subj\17362
|9 43035
|
| 606 |
1 |
|
|a Химическая технология
|x Общие вопросы
|2 stltpush
|3 (RuTPU)RU\TPU\subj\68259
|9 83693
|
| 610 |
1 |
|
|a изобарные потенциалы
|
| 610 |
1 |
|
|a соли
|
| 610 |
1 |
|
|a коэффициенты
|
| 610 |
1 |
|
|a определение
|
| 610 |
1 |
|
|a термодинамика
|
| 610 |
1 |
|
|a кинетика разложения
|
| 610 |
1 |
|
|a алюминиевые сплавы
|
| 610 |
1 |
|
|a спектральный анализ
|
| 610 |
1 |
|
|a соосаждение
|
| 610 |
1 |
|
|a примеси
|
| 610 |
1 |
|
|a газо-хроматографические исследования
|
| 610 |
1 |
|
|a изотопное разбавление
|
| 610 |
1 |
|
|a гетерогенная полимеризация
|
| 610 |
1 |
|
|a галоидирование
|
| 610 |
1 |
|
|a олефины
|
| 610 |
1 |
|
|a винилхлорид
|
| 610 |
1 |
|
|a ректификация
|
| 610 |
1 |
|
|a никелирование
|
| 610 |
1 |
|
|a радиометрирование
|
| 610 |
1 |
|
|a бумажные хроматограммы
|
| 675 |
|
|
|a 54
|v 3
|
| 675 |
|
|
|a 66
|v 3
|
| 702 |
|
1 |
|a Коренман
|b И. М.
|4 651
|
| 801 |
|
1 |
|a RU
|b 63413507
|c 20131225
|
| 801 |
|
2 |
|a RU
|b 63413507
|c 20131226
|g RCR
|
| 801 |
|
2 |
|a RU
|b 63413507
|c 20241010
|g RCR
|
| 850 |
|
|
|a 63413507
|
| 942 |
|
|
|c CR
|